Quiz sur la Belgique (pour les nuls) - Statistiques

Statistiques générales
  • Ce quiz a été pris 205 fois
  • Le résultat moyen est 5 sur 15
Statistiques - réponses
Questions réponses % Correct
Quelle est sa capitale ? Bruxelles
99%
Quel le monument avec des boules qui trône dans Bruxelles ? atomium
57%
Quel ville est connu pour ses canaux ? Bruges
56%
Le dernier roi en date ? Philippe
50%
Son 1re roi ? Léopold
47%
Les couleurs du drapeau belge ? noir, jaune, rouge
44%
En quel année la Belgique a été indépendante ? 1830
35%
Chef Lieu du Brabant-Wallon ? Wavre
35%
Qu'est-ce qu'il faut absolument goûter à Liège ? les gaufres
31%
Dans quel province est né Adolf Sax ? Namur
31%
Comment s'appelle la future reine de Belgique ? Elizabeth
16%
Ses langues officiels ? Néerlandais, Français, Allemand
12%
Pendant combien de temps la Belgique a été san gouvernement ? 1 an
10%
Ses pays frontaliers ? France, Luxembourg, Allemagne, Pays-Bas
8%
Quel est le surnom de la ville de Tournai ? la ville aux cinq clochers
0%
Aucun quiz correspondant
Distribution des résultats
% des personnes avec chaque résultat
Percentile par nombre de réponses
Votre historique - résultats
Vous n’avez pas pris ce quiz